01988nam a2200325Ia 450000500170000000800410001702000180005804000180007604100080009408200210010210000290012324500940015225000270024626000570027330000260033065000480035665000390040465000440044365000470048765000590053470000320059394200300062599900190065595201440067495201760081895201640099495201640115895201760132295201640149820220705144320.0210716s2007 xx 000 0 und d a9788131505618 cAIMIT LIBRARY aeng a338.04 21bKURD aKuratko, Donald F947073 aEntrepreneurship :bIn the new millennium /cBy Donald F. Kuratko and Richard M. Hodgetts a1st ed.bIndia Edition aNew Delhi :bSouth western cengage learning ,c2009. a594p. ;bPB :c24 cm. aEntrepreneurship in the 21st Century947074 aThe Entrepreneurial Mindset947075 aThe Entrepreneurial Venture Plan947076 aEntrepreneurial Issues for Start-Up947077 aEntrepreneurial Issues for growth & Development947078 aHodgetts, Richard M.947079 2ddccBKe1stk338.04 KURD c198422d198422 00102ddc40708MBAaAIMITbAIMITd2021-07-16iBill no:; Bill dt:1900-01-00l0o338.04 KURDpMBA00987r2025-07-21 00:00:00w2021-07-16yBK 00102ddc40708MBAaAIMITbAIMITd2010-09-15g425.00iBill no:ABK 497; Bill dt:2010-09l1o338.04 KURDpMBA08103r2025-07-21 00:00:00s2024-06-22v318.75w2021-07-16yBK 00102ddc40708MBAaAIMITbAIMITd2010-09-15g425.00iBill no:ABK 497; Bill dt:2010-09l0o338.04 KURDpMBA08104r2025-07-21 00:00:00v318.75w2021-07-16yBK 00102ddc40708MBAaAIMITbAIMITd2010-09-15g425.00iBill no:ABK 497; Bill dt:2010-09l0o338.04 KURDpMBA08105r2025-07-21 00:00:00v318.75w2021-07-16yBK 00102ddc40708MBAaAIMITbAIMITd2010-09-15g425.00iBill no:ABK 497; Bill dt:2010-09l1o338.04 KURDpMBA08106r2025-07-21 00:00:00s2024-06-22v318.75w2021-07-16yBK 00102ddc40708MBAaAIMITbAIMITd2010-09-15g425.00iBill no:ABK 497; Bill dt:2010-09l0o338.04 KURDpMBA08107r2025-07-21 00:00:00v318.75w2021-07-16yBK